000 00474nam a22001937a 4500
003 SEACOMMC
005 20231109083109.0
008 231109b |||||||| |||| 00| 0 eng d
020 _cRs. 250.00
040 _aSEACOMMC
082 _a005.117
_bCHA
100 1 _aChandra, B.
245 1 _aObject oriented programming using C++
_cB. Chandra
250 _a2nd ed
260 _aNew Delhi
_bNarosa
_c2005
650 _aComputer science
650 _aProgramming
942 _cBOOK
999 _c327
_d327